000 00457nam a2200193Ia 4500
005 20250423095914.0
008 250422s9999 xx 000 0 und d
020 _a0781727960
050 _aRC 660 .J67/
100 _aJoslin, E. P.
245 0 _aJoslin's diabetes mellitus
250 _a14th ed.
260 _aPhiladelphia
260 _bLippincott Williams & Willkins
260 _c2005
300 _a1209 p
650 _a Diabetes.
942 _cBK
999 _c31689
_d31689